000 01447nam2a22002411 4500
001 rc\576419
005 20250621231227.0
035 _a(NLR Aleph) 005970740
090 _a6932977
_c6932977
100 _a20031121d1987 |||y0rusy50 ca
101 0 _arus
102 _aRU
105 _aa |||||||||
200 1 _aОсновные проблемы прусского пути генезиса капитализма в Прибалтике
210 _d1987
_aБ. м.
215 _a299, [1] с.
_cсхем.
_d21
320 _aБиблиогр. в конце глав
461 0 _1001rc\576417
_12001#$aСтановление капитализма как разрешение противоречий товарного феодального производства$e(На материалах прибалт. губерний России)$e[В 2 ч.]$fТарт. гос. ун-т$vЧ. 2
_1700#1$aФайнштейн$bВ.М.$gВиктор Михайлович
_96932961
_aФайнштейн, В.М.
_cТаллин
_d1987-
_fТарт. гос. ун-т
_nЭэсти раамат
_o(На материалах прибалт. губерний России) : [В 2 ч.]
_tСтановление капитализма как разрешение противоречий товарного феодального производства
_vЧ. 2
801 0 _aRU
_bNLR
_gpsbo
801 1 _aRU
_bELAR
_2rusmarc
852 _aNLR
_j87-6/5092
942 _cBOOK
980 _aNB